Statistiche per Paesi più vicini al Benin - sprint di un minuto

Clicka qui per fare il quiz!

Statistiche generali

  • Questo quiz è stato fatto 15 volte
  • Il punteggio medio è 15 su 20

Statistiche sulle risposte

kmpaese% Corretto
0Niger
100%
0Nigeria
100%
315Côte d'Ivoire
92%
668Camerun
85%
1114Ciad
85%
43Ghana
85%
947Guinea
85%
326Mali
85%
0Togo
85%
0Burkina Faso
77%
997Liberia
77%
733Algeria
69%
857Mauritania
69%
1232Sierra Leone
69%
735Sao Tome e Principe
62%
1261Congo
54%
969Gabon
54%
720Guinea Equatoriale
54%
1291Repubblica
Centrafricana
46%
1340Senegal
46%

Distribuzione punteggi

Percentile per numero di risposta

Percentuale di utenti per punteggio

I tuoi punteggi nel tempo

Non hai fatto questo quiz